00802nam a2200253 a 450000100060000000300080000600500170001400800410003102000250007202000150009703500190011204000270013104100080015808200270016610000210019324500920021426000450030630000350035150400510038665000190043765000290045665000290048570000340051466560BD-RjUL20211209081545.0170318s1991 nyua b 001 0 eng d a0471928836 :c$40.40 a0471930547 a(BD-RjUL)66690 aDLCcDLCdBD-RjULbeng aeng00a629.8312223bWES 19911 aWellstead, P. E.10aSelf-tuning systems :bcontrol and signal processing /cP.E. Wellstead and M.B. Zarrop. aChichester ;aNew York :bWiley,cc1991. axxiv, 579 p. :bill. ;c25 cm. aIncludes bibliographical references and index. 0aControl theory 0aAdaptive control systems 0aSelf-tuning controllers.1 aZarrop, Martin B. , jt. auth.